000 00308nam a22001337a 4500
008 171011b xxu||||| |||| 00| 0 eng d
020 _a9780070593077
041 _aeng
080 _28 ED
_a316
100 _a50
101 _aSOC
245 _aDRUGS SOCIETY AND HUMAN BEHAVIOR
_cRAY.O
942 _2udc
_cBK
999 _c33123
_d33123